000 00455nam a2200181Ia 4500
001 2243
005 20260306143828.0
008 260306t2012||||xx |||||||||||||| ||spa||
041 _aESP
082 _a616.8
_bM96
100 _aMuñoz Marrón, Elena
_eAUT
245 0 _aEstimulación cognitiva y rehabilitación neuropsicológica
260 _c2012
300 _a307 páginas :
_c24 cm.
650 _aGEN
654 _aCPS
942 _cLIB
_dJUS
_fJUS
_2ddc
_n
999 _c2243
_d2243